TOP 50 Best Players of Europe from 2010's - Statistics

General Stats
  • This quiz has been taken 22 times
  • The average score is 20 of 49
Answer Stats
Hint Answer % Correct
1 Robert Lewandowski
91%
2 Luka Modric
86%
4 Zlatan Ibrahimovic
86%
6 Kevin de Bruyne
82%
13 Romelu Lukaku
77%
7 Thebaut Courtois
73%
3 Eden Hazard
68%
18 Jan Vertonghen
64%
10 Christian Eriksen
59%
5 Gareth Bale
59%
14 Ivan Rakitic
59%
16 Mario Mandzukic
59%
9 Jan Oblak
55%
32 Toby Alderweireld
55%
34 Xherdan Shaqiri
55%
15 Edin Dzeko
50%
28 Granit Xhaka
50%
26 Andrew Robertson
45%
17 Ivan Perisic
45%
47 Alexander Mitrovic
41%
23 Arda Turan
41%
20 Wojciech Szczesny
41%
12 Dries Mertens
36%
25 Mateo Kovacic
36%
21 Miralem Pjanic
36%
19 Petr Cech
36%
39 Sergej Milinkovic-Savic
36%
8 Vincent Kompany
36%
48 Dusan Tadic
32%
22 Hakan Calhanoglu
32%
30 Samir Handanovic
32%
24 Axel Witsel
27%
42 Dusan Vlahovic
27%
37 Manuel Akanji
27%
50 Stefan Savic
27%
27 Yann Sommer
27%
44 Marcelo Brozovic
23%
35 Marek Hamsik
23%
41 Yannick Carrasco
23%
33 Aaron Ramsey
18%
45 Gylfi Sigurdsson
18%
29 Henrikh Mkhitaryan
18%
43 Moussa Dembele
14%
31 Lukas Piszczek
9%
36 Stephan Lichtsteiner
9%
49 Igor Akinfeev
5%
38 Kvicha Kvaratshkelia
5%
46 Artem Dovbyk
0%
40 Piotr Zelinski
0%
No matching quizzes found
Score Distribution
Percent of People with Each Score
Percentile by Number Answered
Your Score History
You have not taken this quiz